00417nam a2200145Ia 4500003000900000008004100009040001600050080001500066100002300081245008200104260003800186300001400224650001400238650001900252IN-BaIIA211028s9999 xx 000 0 eng d cIIA Library a681.3bHOE aHoeschele, David F 0aAnalog-to-Digital/Digital-to-Analog conversion tecnhiquescDavid F. Hoeschele aNew YorkbJohn Wiley & Sonsc1968 axv, 455p. aComputers aNASA Thesaurus